LEADER 00985nam0-2200337---450- 001 990008766400403321 005 20081126150610.0 010 $a0-930403-23-1 035 $a000876640 035 $aFED01000876640 035 $a(Aleph)000876640FED01 035 $a000876640 100 $a20081126d1987----km-y0itay50------ba 101 0 $aeng 102 $aUS 105 $a--------001yy 200 1 $aAircraft engine design$fJack D. Mattingly, William H. Heiser, Daniel H. Daley 210 $aNew York$cAmerican Institute of Aeronautics and Astronautics$d1987 215 $aXXX, 582 p.$cill.$d23 cm 225 1 $aAIAA Education series 676 $a629.134353 700 1$aMattingly,$bJack D.$0314162 701 1$aHeiser,$bWilliam H.$0314163 701 1$aDaley,$bDaniel H.$0314164 801 0$aIT$bUNINA$gRICA$2UNIMARC 901 $aBK 912 $a990008766400403321 952 $aI31$fDINPA 959 $aDINPA 996 $aAircraft engine design$9811010 997 $aUNINA LEADER 00487nam 2200169z- 450 001 9910773600203321 035 $a(WsH)locaeeu 035 $a(CKB)5490000000492761 035 $a(EXLCZ)995490000000492761 100 $a20230719c2018uuuu -u- - 101 0 $aeng 200 10$aLiberia: Citizenship Laws and Employment Opportunities 517 $aLiberia 906 $aBOOK 912 $a9910773600203321 996 $aLiberia: Citizenship Laws and Employment Opportunities$93662349 997 $aUNINA